000 00293nam a2200121Ia 4500
008 240731s9999 xx 000 0 und d
022 _a1946-7842
245 0 _aEarly Medieval China
260 _bRoutledge
856 _uhttps://www.tandfonline.com/loi/yemc20
942 _2ddc
942 _cTFEJ
999 _c76316
_d76316
945 _a1
_bMadushi Gamage
_c1
_dMadushi Gamage